000 00365nam a2200145 i 4500
001 28599
003 ES-MaACL
005 20230906153908.0
007 t|
008 030117q1958 sp ||||1| spa d
245 0 0 _aBaleares.
260 _a[Palma de Mallorca] :
_bFergayba,
_c[1958?]
300 _a2 h., 34 lám. ;
_c18 cm.
852 _aES-MaACL
_j1987-F-18
_bR.41103
999 _c28599
_d28599